00626 2200241 4500001002100000005001700021008004100038020001800079035002400097082001000121090002200131100002500153245004400178250001000222260003100232300002500263500003100288650001100319850001500330980001200345985000600357999002100363YOGYA-0209000005513020090227033456.0 ind  a979-21-0190-x 0010-020900000055130 a636.2 a636.2bWis IlDEP aWISNU MURTI, Trijoko aIlmu ternak kerbaucTrijoko Wisnu Murti aCet.1 aYogyakartabKanisiusc2002 a280 hlmbilusc20 cm aBibliografi : hlm. 205-212 aKerbau aYOPDYOG(M) a18-5-04 a1 a2002-99h CB-D.11